Diskursstrategien im Rechtsextremismus

Táto štúdia sa zaoberá diskurznými stratégiami slovenských pravicových extrémistov. Úvaha autora vychádza z hypotézy, že jazyk pravicových extrémistov je dichotomický v zmysle priateľ vs. nepriateľ. Kategória nepriateľov je široká.

Uložené v:
Podrobná bibliografia
Hlavný autor: Štefančík, Radoslav, 1976-
Médium: Kapitola
Jazyk:German
Predmet:
Tagy: Pridať tag
Žiadne tagy, Buďte prvý, kto otaguje tento záznam!

MARC

LEADER 00000naa$a2200000$$$4500
001 0270639
005 20240502083814.9
041 0 |a ger 
044 |a RU 
245 1 0 |a Diskursstrategien im Rechtsextremismus  |c Radoslav Štefančík 
520 |a Táto štúdia sa zaoberá diskurznými stratégiami slovenských pravicových extrémistov. Úvaha autora vychádza z hypotézy, že jazyk pravicových extrémistov je dichotomický v zmysle priateľ vs. nepriateľ. Kategória nepriateľov je široká. 
610 2 0 |a extrémizmus 
610 2 0 |a politika 
610 2 0 |a komunikácia 
610 2 0 |a diskusia 
610 2 0 |a spoločnosť 
100 1 |a Štefančík, Radoslav, 1976-